How languages are learned

Saved in:
Bibliografiske detaljer
Main Authors: Lightbown, Patsy M. (autora), Spada, Nina (Author)
Format: Bog
Sprog:engelsk
Udgivet: Nueva York Oxford University Press 2006
Udgivelse:1a. ed
Fag:
Tags: Tilføj Tag
Ingen Tags, Vær først til at tagge denne postø!

MARC

LEADER 00000nam a2200000 a 4500
001 UCI1048
003 CL-VaPUC
008 070615e20060000US |||||||||||||||||eng|d
020 |a 0194422240 
082 0 4 |a 401.93  |b LIG  |2 21 
100 |a Lightbown, Patsy M.  |e autora  |9 582790 
700 0 |a Spada, Nina  |e author  |9 521335 
245 1 0 |a How languages are learned 
250 |a 1a. ed 
300 |a 233 p 
942 |c BK 
945 |d 20070615 00:00:00  |a jtorresc 
260 |a Nueva York  |b Oxford University Press  |c 2006 
650 0 |a Adquisición del lenguaje   |9 309032 
650 0 |a Educación lingüística  |9 306506 
650 0 |a Lingüística  |9 265068 
583 |a last modification  |c 20151103 10:42:33  |k Rodrigo Vera 
999 |c 325966  |d 325964 
952 |0 0  |1 0  |4 0  |6 401_930000000000000_LIG_2006  |7 0  |8 A  |9 407521  |a FDOPOS  |b FDOPOS  |d 2019-11-22  |i 4349474  |o 401.93 LIG 2006  |p 4349474  |r 2025-01-22  |w 2019-11-22  |y BK  |k MLA 
952 |0 0  |1 0  |4 0  |6 401_930000000000000_LIG_2006  |7 0  |8 A  |9 407522  |a FDOPOS  |b FDOPOS  |d 2019-11-22  |i 4613910  |o 401.93 LIG 2006  |p 4613910  |r 2025-01-22  |w 2019-11-22  |y BK  |k DLA